MARC details
| 000 -LEADER |
| fixed length control field |
02795cam a2200661 4500 |
| 001 - CONTROL NUMBER |
| control field |
22372 |
| 003 - CONTROL NUMBER IDENTIFIER |
| control field |
VRT |
| 005 - DATE AND TIME OF LATEST TRANSACTION |
| control field |
20260326155033.0 |
| 006 - FIXED-LENGTH DATA ELEMENTS--ADDITIONAL MATERIAL CHARACTERISTICS |
| fixed length control field |
k c r tn |
| 008 - FIXED-LENGTH DATA ELEMENTS--GENERAL INFORMATION |
| fixed length control field |
210624s2019 xo a cr 000 j slo |
| 020 ## - INTERNATIONAL STANDARD BOOK NUMBER |
| International Standard Book Number |
9788056613481 |
| Qualifying information |
(viazané) |
| 035 ## - SYSTEM CONTROL NUMBER |
| System control number |
D4793597-FE14-4F3C-A0A3-D3A4722B7FEA |
| 035 ## - SYSTEM CONTROL NUMBER |
| System control number |
urn:nbn:sk:snk-am3ifvu |
| 035 ## - SYSTEM CONTROL NUMBER |
| System control number |
urn:nbn:sk:snk-am00e8r2 |
| 039 #9 - LEVEL OF BIBLIOGRAPHIC CONTROL AND CODING DETAIL [OBSOLETE] |
| Level of rules in bibliographic description |
202407021130 |
| Level of effort used to assign nonsubject heading access points |
AUTHORITY |
| Level of effort used to assign subject headings |
202406101338 |
| Level of effort used to assign classification |
AUTHORITY |
| Level of effort used to assign subject headings |
202106241210 |
| Level of effort used to assign classification |
VLOAD |
| Level of effort used to assign subject headings |
202102021328 |
| Level of effort used to assign classification |
VLOAD |
| 040 ## - CATALOGING SOURCE |
| Original cataloging agency |
SKPK |
| Language of cataloging |
slo |
| Transcribing agency |
SKPK |
| Modifying agency |
SNK |
| Description conventions |
rda |
| 041 1# - LANGUAGE CODE |
| Language code of text/sound track or separate title |
slo |
| Language code of original |
ger |
| 044 ## - COUNTRY OF PUBLISHING/PRODUCING ENTITY CODE |
| MARC country code |
xo |
| ISO country code |
SK |
| 072 #7 - SUBJECT CATEGORY CODE |
| Subject category code |
821.112.2-3 |
| Subject category code subdivision |
Nemecká próza, nemecky písaná |
| Source |
konspekt |
| 072 #7 - SUBJECT CATEGORY CODE |
| Subject category code |
82-93 |
| Subject category code subdivision |
Literatúra pre deti a mládež (beletria) |
| Source |
konspekt |
| 080 ## - UNIVERSAL DECIMAL CLASSIFICATION NUMBER |
| Universal Decimal Classification number |
821.112.2(436)-32 |
| Edition identifier |
2011 |
| 080 ## - UNIVERSAL DECIMAL CLASSIFICATION NUMBER |
| Universal Decimal Classification number |
(0:82-322.4) |
| Edition identifier |
2011 |
| 080 ## - UNIVERSAL DECIMAL CLASSIFICATION NUMBER |
| Universal Decimal Classification number |
82-93-053.4/.5 |
| Edition identifier |
2011 |
| 100 1# - MAIN ENTRY--PERSONAL NAME |
| Personal name |
Brezina, Thomas, |
| Dates associated with a name |
1963- |
| Relationship |
aut |
| 240 14 - UNIFORM TITLE |
| Uniform title |
Ein Fall für dich und das Tiger-Team, Band 28: Der Gaist in Klassenzimmer |
| Language of a work |
Slovensky |
| 245 10 - TITLE STATEMENT |
| Title |
Prípad pre teba a Tigrí tím |
| Name of part/section of a work |
Hlas z podsvetia |
| Statement of responsibility, etc. |
Thomas Brezina ; ilustrovala Naomi Fearnová ; z nemeckého originálu Ein Fall für dich und das Tiger-Team, Band 28: Der Gaist in Klassenzimmer preložila Katarína Šmidtová |
| 246 30 - VARYING FORM OF TITLE |
| Title proper/short title |
Hlas z podsvetia |
| 250 ## - EDITION STATEMENT |
| Edition statement |
Druhé vydanie |
| 264 #1 - PRODUCTION, PUBLICATION, DISTRIBUTION, MANUFACTURE, AND COPYRIGHT NOTICE |
| Place of production, publication, distribution, manufacture |
Bratislava |
| Name of producer, publisher, distributor, manufacturer |
Fragment |
| Date of production, publication, distribution, manufacture, or copyright notice |
2019 |
| 300 ## - PHYSICAL DESCRIPTION |
| Extent |
125 strán |
| Other physical details |
ilustrácie |
| Dimensions |
19 cm |
| Accompanying material |
1 plastová lupa |
| 336 ## - CONTENT TYPE |
| Content type term |
text |
| Content type code |
txt |
| Source |
rdacontent |
| 336 ## - CONTENT TYPE |
| Content type term |
statický obraz |
| Content type code |
sti |
| Source |
rdacontent |
| 336 ## - CONTENT TYPE |
| Content type term |
trojrozmerná forma |
| Content type code |
tdf |
| Source |
rdacontent |
| 337 ## - MEDIA TYPE |
| Media type term |
bez média |
| Media type code |
n |
| Source |
rdamedia |
| 338 ## - CARRIER TYPE |
| Carrier type term |
zväzok |
| Carrier type code |
nc |
| Source |
rdacarrier |
| 338 ## - CARRIER TYPE |
| Carrier type term |
objekt |
| Carrier type code |
nr |
| Source |
rdacarrier |
| 490 1# - SERIES STATEMENT |
| Series statement |
Tigrí tím |
| 500 ## - GENERAL NOTE |
| General note |
Vydalo vydavateľstvo Fragment v spoločnosti Albatros Media Slovakia, s.r.o. |
| 521 8# - TARGET AUDIENCE NOTE |
| Target audience note |
Pre čitateľov od 9 rokov |
| 655 #7 - INDEX TERM--GENRE/FORM |
| Genre/form data or focus term |
rakúske príbehy |
| Source of term |
SNKPH |
| 655 #7 - INDEX TERM--GENRE/FORM |
| Genre/form data or focus term |
detektívne príbehy |
| Source of term |
SNKPH |
| 655 #7 - INDEX TERM--GENRE/FORM |
| Genre/form data or focus term |
literatúra pre deti |
| Source of term |
SNKPH |
| 655 #7 - INDEX TERM--GENRE/FORM |
| Genre/form data or focus term |
Detective stories |
| Source of term |
SNKPHeng |
| 655 #7 - INDEX TERM--GENRE/FORM |
| Genre/form data or focus term |
Children's literature |
| Source of term |
SNKPHeng |
| 655 #7 - INDEX TERM--GENRE/FORM |
| Genre/form data or focus term |
Austrian stories |
| Source of term |
SNKPHeng |
| 700 1# - ADDED ENTRY--PERSONAL NAME |
| Personal name |
Fearn, Naomi, |
| Dates associated with a name |
1976- |
| Relationship |
ill |
| 700 1# - ADDED ENTRY--PERSONAL NAME |
| Personal name |
Šmidtová, Katarína |
| Relationship |
trl |
| 710 2# - ADDED ENTRY--CORPORATE NAME |
| Corporate name or jurisdiction name as entry element |
Albatros Media Slovakia. |
| Subordinate unit |
Fragment |
| Relationship |
pbl |
| 830 #0 - SERIES ADDED ENTRY--UNIFORM TITLE |
| Uniform title |
Tigrí tím |
| 910 ## - USER-OPTION DATA (OCLC) |
| User-option data |
snk |
| 942 ## - ADDED ENTRY ELEMENTS (KOHA) |
| Source of classification or shelving scheme |
Dewey Decimal Classification |
| Koha item type |
Krásna literatúra pre deti |
| Suppress in OPAC |
No |
| 949 ## - LOCAL PROCESSING INFORMATION (OCLC) |
| 6 |
273K0655023 |
| a |
svkpoA 244967 |
| b |
svkpo644967 |
| q |
Príl.: 1 plastová lupa |
| r |
Príl.: 1 plastová lupa |
| 949 ## - LOCAL PROCESSING INFORMATION (OCLC) |
| 6 |
270001000640121 |
| 9 |
1 plastová lupa |
| a |
svkbbA 159476 |
| b |
svkbbm 787722 |
| 949 ## - LOCAL PROCESSING INFORMATION (OCLC) |
| 6 |
17A1415161 |
| a |
snkSD 88931 |
| b |
snk2020/2885 |
| o |
2376/19 |
| s |
6100:20200224 |
| 949 ## - LOCAL PROCESSING INFORMATION (OCLC) |
| 6 |
17A1415163 |
| a |
snkSD 88931 D1 |
| b |
snk2020/2887 |
| o |
2376/19 |
| 949 ## - LOCAL PROCESSING INFORMATION (OCLC) |
| 6 |
17A1415162 |
| a |
snkSD 88931/príl. |
| b |
snk2020/2885 |
| o |
2376/19 |
| s |
6109:20230317 |
| 949 ## - LOCAL PROCESSING INFORMATION (OCLC) |
| 6 |
17A1415164 |
| a |
snkSD 88931/príl. D1 |
| b |
snk2020/2887 |
| o |
2376/19 |